00498cam a22001572 4500001001100000005001700011008004100028020002600069040001500095100003800110245008900148260002800237300001100265700003200276700003200308000000744720151217160113.0080205s xx 000 0 eng d a0752866400 :cKES 690 aKABUcKABU1 aGoscinny,d1926-1977.@000000169410aAsterix and the class act /cwritten by Rene Goscinny and illus. by Albert Uderzo. aLondon :bOrion,c2004. a48 p.1 aUderzo, Albert.@00001586621 aUderzo, Albert.@0000158662